| 000 | 00947nam a22003017a 4500 | ||
|---|---|---|---|
| 001 | 7573 | ||
| 003 | FISKH | ||
| 005 | 20250724111409.0 | ||
| 008 | 250724b cb ||||| |||| 00| 0 eng d | ||
| 020 | _a9780590568791 | ||
| 040 |
_aJBL _cJBL _dSLC _dDLC _beng |
||
| 050 | _aPZ7.S86037 | ||
| 082 | _a813.54 | ||
| 100 | 1 |
_aStine, R. L _d(1943-) |
|
| 245 |
_aGoosebumps : _cEgg monsters from mars / _bR.L. Stine |
||
| 250 | _aThis edition first published in 1996 | ||
| 260 |
_aNew York : _bScholastic, _c1996. |
||
| 300 |
_a115 pages : _c20 cm. |
||
| 490 | 1 |
_aGoosebumps ; _v#42 |
|
| 505 | _aG | ||
| 520 | _aOn an egg hunt, Dana finds an abnormal egg that is the size of a softball. It's covered with blue and purple veins and it's starting to hatch. | ||
| 521 |
_a410
_bLexile |
||
| 521 |
_aG
_bRaz-Plus |
||
| 650 | 0 |
_aHorror tales. _2Fantasy fiction. |
|
| 650 | 0 |
_aBirthday parties _2Scary |
|
| 942 |
_2ddc _cBK _n0 |
||
| 999 |
_c7573 _d7573 |
||